| 000 | 00710cam a2200253 4500 | ||
|---|---|---|---|
| 001 | ABS68515 | ||
| 008 | 041223n2004 000 0 eng u | ||
| 035 | _a(Sirsi) u128424 | ||
| 245 | _aRegional survey: Essex and north-east London boroughs | ||
| 260 | _c2004 | ||
| 490 |
_aProperty Week _v69(47) 19 November 2004, 71-82(6) |
||
| 590 | _aABS | ||
| 590 | _aABS | ||
| 650 | _aESSEX | ||
| 650 | _aNORTHEAST LONDON BOROUGHS | ||
| 650 | _aSOUTHEND-ON-SEA | ||
| 650 | _aSTRATFORD | ||
| 650 | _aBOREHAM | ||
| 650 | _aBRENTWOOD | ||
| 650 | _aPROPERTY-COMMERCIAL PROPERTY-RETAIL PROPERTY-RETAIL PROPERTY MARKET | ||
| 650 | _aINDUSTRIAL MARKET | ||
| 690 | _aCOMMERCIAL PROPERTY-MARKET | ||
| 942 | _n0 | ||
| 999 |
_c118473 _d118473 |
||